| 000 | 00692nam a2200241Ia 4500 | ||
|---|---|---|---|
| 003 | OSt | ||
| 005 | 20220927104736.0 | ||
| 006 | a|||||r|||| 00| 0 | ||
| 007 | ta | ||
| 008 | 220926b |||||||| |||| 00| 0 eng d | ||
| 024 | _a143239 | ||
| 037 | _cReference Collections | ||
| 040 |
_aRTL _cRTL _beng |
||
| 041 |
_2eng _aeng |
||
| 082 | _a"a494,2.281.N8, RR" | ||
| 110 |
_aJawaharlal Nehru University _9366998 |
||
| 245 | 0 | _aAbstracts of doctoral theses | |
| 260 |
_aNew _bDelhi J N U _c1971 |
||
| 300 |
_a438p _ccm. |
||
| 700 |
_aJawaharlal Nehru University _9366999 |
||
| 942 |
_h"a494,2.281.N8, RR" _cCC |
||
| 999 |
_c688476 _d688476 |
||